1053 1611 1260 1394 1762 1094 1345 1838 1985 1808 1786 1716 1040 1921 1612 1553 1751 1525 1174 1488 1283 1568 1360 1551 1008 1749 1056 1723 1498 1506 1763 1776 1221 1525 1220 1333 1596 1132 1305 1299 1041 1106 1512 1194 1473 1121 1759 1750 1197 1376 1287 1921 1610 1838 1737 1228 1185 1876 1165 1708 1770 1875 1726 1509 1898 1341 1595 1067 1316 1120 1042 1831 1684 1926 1777 1488 1463 1075 1987 1112 1469 1068 1717 1268 1040 1085 1737 1310 1623 1270 1870 1947 1121 1521 1605 1992 1088 1138 1195 BCNSPRNW ULIB Ver.6.0+V

เปลี่ยนเป็นภาษาไทย

Change to English
 แสดงรายละเอียดบรรณานุกรม
  กลับหน้าหลัก

Brief Record : Get Marc (ISO 2709) : E-mail record : QR code < ปิดหน้าต่าง
LEADER : 00000nam 2200000uu 4500
001    13399122375
003     ULIB
008    130228s||||||||th 000 0 tha d
060  4 ^aWY150^bน511อ
100 0  ^aนำพิชญ์ ธรรมหิเวศน์
110 1  ^aกระทรวงสาธารณสุข สถาบันพระบรมราชชนก.^bวิทยาลัยพยาบาลบรมราชชนนี สงขลา
245 00 ^aเอกสารประกอบการสอน วิชาการพยาบาลผู้ใหญ่และผู้สูงอายุ หลักสูตรประกาศนียบัตรพยาบาลศาสตร์^cนำพิชญ์ ธรรมหิเวศน์
246 0  ^aวิชาการพยาบาลผู้ใหญ่และผู้สูงอายุ
260    ^aสงขลา:^bวิทยาลัยพยาบาลบรมราชชนนี นราธิวาส,^cม.ป.ป.
300    ^a155 หน้า:^bภาพประกอบ
650  7 ^aการพยาบาลผู้ใหญ่
650  7 ^aการพยาบาลผู้สูงอายุ
945    ^p0^l0^i033620
999    ^aเกษร โพธิ์สุวรรณ
รายการนี้ยังไม่มีแท็ก
คุณยังไม่ได้ล็อกอิน คุณสามารถมีกิจกรรมร่วมกับเว็บไซต์ได้ แต่ต้องล็อกอินก่อน ::
  ล็อกอิน

รายการสื่อสารสนเทศ

ลำดับที่ ประเภท เลขเรียก/บาร์โค้ด สถานที่ สถานะ
1. วิทยาศาสตร์การแพทย์ และสุขภาพ
หนังสือสำรอง
สถานะ=หนังสือสำรอง
WY150 น511อ ฉ.1 
  Barcode: 033620
ห้องสมุดวิทยาเขตสวรรค์ประชารักษ์
►หนังสือทั่วไป
บนชั้น

รายการใกล้เคียง
    หัวเรื่อง [การพยาบาลผู้ใหญ่]
    หัวเรื่อง [การพยาบาลผู้สูงอายุ]

BibComment


ยังไม่เคยถูกคอมเมนท์

คอมเมนท์ทรัพยากรรายการนี้
  คอมเมนท์: เอกสารประกอบการส..


 Copyright 2026. Bcnsprnw @Library